Squadre che hanno partecipato alla Serie A di basket dal 1979-80 - Statistics

Statistiche generali
  • Questo quiz è stato fatto 53 volte
  • Il punteggio medio è 31 su 62
Statistiche sulle risposte
Partecipazioni Squadre % Corretto
47 Olimpia Milano
98%
43 Virtus Bologna
98%
27 Fortitudo Bologna
93%
44 Varese
93%
22 Venezia
93%
5 Napoli Basket 2016
86%
16 Sassari
86%
12 Udine
86%
36 Virtus Roma
86%
41 Cantù
84%
17 Torino
84%
13 Trento
84%
24 Trieste
84%
42 Pesaro
82%
23 Siena
82%
7 Universo Treviso
80%
11 Verona
80%
3 Trapani
75%
10 Germani Brescia
73%
13 NB Brindisi
70%
19 Avellino
68%
28 Reggio Emilia
68%
16 Cremona
66%
9 Pistoia 2000
66%
8 Rimini
66%
5 Tortona
64%
3 Firenze
61%
5 Scafati
57%
20 Caserta
52%
8 Forlì
52%
2 Ferrara
50%
1 Bergamo
48%
6 Rieti
48%
7 Capo d'Orlando
45%
16 Reggio Calabria
43%
12 Biella
41%
1 Messina
39%
1 Pavia
36%
9 Teramo
36%
4 Imola
32%
8 Montegranaro
32%
6 Roseto
32%
4 Gorizia
30%
11 Libertas Livorno
30%
3 Mestre
27%
27 Benetton Treviso
25%
1 Casale Monferrato
23%
1 Jesi
23%
6 Montecatini
23%
2 Desio
18%
7 Fabriano
16%
1 Stella Azzurra Roma
14%
7 Napoli Basket
7%
7 Basket Brescia
5%
6 Basket Livorno
5%
1 Lazio
5%
1 Milano 1958
5%
4 PL Livorno
5%
1 Aresium Milano
2%
7 Olimpia Pistoia
2%
1 Pallacanestro Brindisi
2%
6 SS Basket Napoli
2%
Nessun quiz corrispondente trovato
Distribuzione punteggi
Percentuale di utenti per punteggio
Percentile per numero di risposta
I tuoi punteggi nel tempo
Non hai fatto questo quiz